000 01237cam a22003497a 4500
003 CHAP
005 20220817041409.0
008 971013s1991 r 00010 d
010 _a13259
011 _a14231
035 _a18304
040 _cCHAP
082 _a631.522
_bV34
100 0 0 _aVan Hintum, Th. J. L.
_eed.
_9117771
245 0 _aCrop networks
_b: searching for new concepts for collaborative genetic resources management
260 _aRome :
_bInternational Board for Plant Genetic Resources,
_c1991
300 _a131 p.
490 0 _aInternational crop network series
_v; 4
500 _aPapers of the EUCARPIA/IBPGR symposium held at Wageningen, The Netherlands, 1990
590 _aBATCH-UPD
_b10
_c20130110
_lUCH01
_h1615
590 _aBATCH-UPD
_b10
_c20130410
_lUCH01
_h1010
590 _aBATCH-UPD
_b10
_c20130914
_lUCH01
_h1539
590 _aCONVERSION
_b10
_c20130109
_lUCH01
_h1309
650 1 4 _aGenética vegetal
_xCongresos.
650 1 4 _aRecursos genéticos.
_995078
700 0 _aFrese, L.
_943244
700 0 _aPerret, P. M.
_987257
830 0 _aInternational crop network series
_v; 4
_959680
901 _aBK
942 _cLIBRO
949 _a631.522 V34
_bBC
_cLIBRO
_d33724000160404
_eLIBRO
_h81360
_i18304
_si
999 _c13259
_d13259